ბათუმის შოთა რუსთაველის სახელმწიფო უნივერსიტეტის ბიბლიოთეკა

Денежное обращение Колхиды в римское время / (ბიბ.ჩანაწერი № 61421)

000 -LEADER
fixed length control field 00839nam a22001817a 4500
005 - DATE AND TIME OF LATEST TRANSACTION
control field 20240311165754.0
008 - FIXED-LENGTH DATA ELEMENTS--GENERAL INFORMATION
fixed length control field 240311s1964 ru ||||| |||| 00| 0 rus d
041 ## - LANGUAGE CODE
Language code of text/sound track or separate title rus
080 ## - UNIVERSAL DECIMAL CLASSIFICATION NUMBER
Universal Decimal Classification number 336.74(395.3) Г-60
100 ## - MAIN ENTRY--PERSONAL NAME
Personal name Голенко, К. В.
9 (RLIN) 21387
245 ## - TITLE STATEMENT
Title Денежное обращение Колхиды в римское время /
Statement of responsibility, etc. К.В. Голенко.
264 ## - PRODUCTION, PUBLICATION, DISTRIBUTION, MANUFACTURE, AND COPYRIGHT NOTICE
Place of production, publication, distribution, manufacture Ленинград :
Name of producer, publisher, distributor, manufacturer Изд-во Гос. Эрмитажа,
Date of production, publication, distribution, manufacture, or copyright notice 1964.
300 ## - PHYSICAL DESCRIPTION
Extent 109 с.:
Other physical details ил. карт. ;
Dimensions 22 см.
521 ## - TARGET AUDIENCE NOTE
Target audience note ბიბლიოგრ. ტექსტის შენიშვნებსა და გვ. 7-8.
653 ## - INDEX TERM--UNCONTROLLED
keyword ფულის მიმოქცევა
653 ## - INDEX TERM--UNCONTROLLED
keyword კოლხეთის ფულადი მიმოქცევა რომის ხანაში
942 ## - ADDED ENTRY ELEMENTS (KOHA)
Source of classification or shelving scheme
Koha item type წიგნი
ეგზემპლარები
Withdrawn status Lost status Source of classification or shelving scheme Damaged status Not for loan Permanent Location Current Location Shelving location Date acquired Cost, normal purchase price Full call number Barcode Date last seen Copy number Uniform Resource Identifier Price effective from Koha item type Public note
          ბათუმის შოთა რუსთაველის სახელმწიფო უნივერსიტეტის მთავარი ბიბლიოთეკა ბათუმის შოთა რუსთაველის სახელმწიფო უნივერსიტეტის მთავარი ბიბლიოთეკა წიგნსაცავი 2024-03-11 5.00 336.74(395.3) Г-60 65764 2024-03-11 65764 ბსუ-ს საპატიო დოქტორის გურამ ლორთქიფანიძის საჩუქარი 2024-03-11 წიგნი 5 ლ.